| 000 -LEADER |
| fixed length control field |
00831nam a2200217Ia 4500 |
| 001 - CONTROL NUMBER |
| control field |
15642 |
| 003 - CONTROL NUMBER IDENTIFIER |
| control field |
GE_BSU |
| 008 - FIXED-LENGTH DATA ELEMENTS--GENERAL INFORMATION |
| fixed length control field |
181216s||||||||xx |||||||||||||| ||und|| |
| 040 ## - CATALOGING SOURCE |
| Transcribing agency |
GE_BSU |
| 100 ## - MAIN ENTRY--PERSONAL NAME |
| Personal name |
წერეთელი, ა. |
| 245 ## - TITLE STATEMENT |
| Title |
თხზულებათა სრული კრებული : 15 ტომად. ტ.14 |
| 245 ## - TITLE STATEMENT |
| Remainder of title |
პუბლიცისტური წერილები, 1890-1900 |
| 245 ## - TITLE STATEMENT |
| Statement of responsibility, etc. |
სარედ.კოლ.გ.აბზიანიძე. |
| 260 ## - PUBLICATION, DISTRIBUTION, ETC. |
| Place of publication, distribution, etc. |
თბილისი |
| 260 ## - PUBLICATION, DISTRIBUTION, ETC. |
| Name of publisher, distributor, etc. |
საბჭ. საქართველო |
| 260 ## - PUBLICATION, DISTRIBUTION, ETC. |
| Date of publication, distribution, etc. |
1961 |
| 300 ## - PHYSICAL DESCRIPTION |
| Extent |
658გვ.20სმ. |
| 653 ## - INDEX TERM--UNCONTROLLED |
| Uncontrolled term |
თხზულებათა სრული კრებული |
| 653 ## - INDEX TERM--UNCONTROLLED |
| Uncontrolled term |
პუბლიცისტური წერილები |
| 942 ## - ADDED ENTRY ELEMENTS (KOHA) |
| Koha item type |
წიგნი |